Lise sarfati : (Record no. 353373)
[ view plain ]
| 000 -LEADER | |
|---|---|
| fixed length control field | 01980 a2200229 4500 |
| 003 - CONTROL NUMBER IDENTIFIER | |
| control field | OSt |
| 005 - DATE AND TIME OF LATEST TRANSACTION | |
| control field | 20180116192403.0 |
| 008 - FIXED-LENGTH DATA ELEMENTS--GENERAL INFORMATION | |
| fixed length control field | 120615t xxu||||| |||| 00| 0 eng d |
| 020 ## - INTERNATIONAL STANDARD BOOK NUMBER | |
| International Standard Book Number | 0714848425 (paperback) |
| 020 ## - INTERNATIONAL STANDARD BOOK NUMBER | |
| International Standard Book Number | 9780714848426 (paperback) |
| 040 ## - CATALOGING SOURCE | |
| Transcribing agency | 0 |
| 082 04 - DEWEY DECIMAL CLASSIFICATION NUMBER | |
| Classification number | 770.92 |
| 245 10 - TITLE STATEMENT | |
| Title | Lise sarfati : |
| Remainder of title | acta est / |
| Statement of responsibility, etc. | Olga Medvedkova. |
| 260 ## - PUBLICATION, DISTRIBUTION, ETC. | |
| Place of publication, distribution, etc. | London : |
| Name of publisher, distributor, etc. | Phaidon Press Inc., |
| Date of publication, distribution, etc. | 2000. |
| 300 ## - PHYSICAL DESCRIPTION | |
| Extent | 104 p. : |
| Other physical details | ill. ; |
| Dimensions | 30 cm. |
| 520 ## - SUMMARY, ETC. | |
| Summary, etc. | This is the first book by French photographer-artist Lise Sarfati, composed of images made during extended visits to Russia during the 1990s. The book is neither travelogue nor photojournalistic essay. Rather, Sarfati uses descriptions of the details of the Russian environments which fascinate her to create a visual drama - a personal theatre of dysfunction and deterioration, of change and beauty. The title - literally "it (feminine) is over" from the Latin phrase "Acta Est Fabula" meaning "the play is over" - signals her insistence that the work not be read as journalism but as a work of theatrical imagination. She builds a disturbing Tarkovsky-esque world out of concrete historical fragments - for example the architecture and factories of Norilsk, a town in arctic Siberia built and occupied by political convicts - and peoples it with lost characters - young transvestites and teenage runaways interned in "re-education" camps. Why results is a body of beautiful, engaging and disturbing photographs which are both a historical record of Russia at the end of an era, and the poetry of a visual artist conjuring her own world. The book includes a thought-provoking introduction by the Russian-born art historian Olga Medvedkova. |
| 650 10 - SUBJECT ADDED ENTRY--TOPICAL TERM | |
| Topical term or geographic name entry element | Photography, Artistic |
| 9 (RLIN) | 4656 |
| 700 1# - ADDED ENTRY--PERSONAL NAME | |
| Personal name | Medvedkova, Olga. |
| 9 (RLIN) | 4657 |
| 856 40 - ELECTRONIC LOCATION AND ACCESS | |
| Materials specified | Amazon.com |
| Uniform Resource Identifier | <a href="http://www.amazon.com/exec/obidos/ASIN/0714848425/chopaconline-20">http://www.amazon.com/exec/obidos/ASIN/0714848425/chopaconline-20</a> |
| 942 ## - ADDED ENTRY ELEMENTS (KOHA) | |
| Institution code [OBSOLETE] | SADA |
| Koha item type | Book |
| Call number prefix | 770.92 LIS 2000 |
| Source of classification or shelving scheme | |
| 952 ## - LOCATION AND ITEM INFORMATION (KOHA) | |
| -- | BOOK |
| Withdrawn status | Lost status | Source of classification or shelving scheme | Damaged status | Not for loan | Permanent Location | Current Location | Date acquired | Total Checkouts | Full call number | Barcode | Date last seen | Cost, replacement price | Price effective from | Koha item type |
|---|---|---|---|---|---|---|---|---|---|---|---|---|---|---|
| School of Art Design and Architecture (SADA) | School of Art Design and Architecture (SADA) | 06/27/2011 | 770.92 LIS 2000 | SADA0001342 | 08/05/2011 | 2339.00 | 08/05/2011 | Book |
